Tipping Point (Record no. 200992)

MARC details
000 -LEADER
fixed length control field 00470nam a2200169Ia 4500
008 - FIXED-LENGTH DATA ELEMENTS--GENERAL INFORMATION
fixed length control field 230714s9999 xx 000 0 und d
020 ## - INTERNATIONAL STANDARD BOOK NUMBER
International Standard Book Number 9780000000000
041 ## - LANGUAGE CODE
Language code of text/sound track or separate title eng
082 ## - DEWEY DECIMAL CLASSIFICATION NUMBER
Classification number 302
Item number GLA
100 ## - MAIN ENTRY--PERSONAL NAME
Personal name Gladwell M.
9 (RLIN) 118163
245 ## - TITLE STATEMENT
Title Tipping Point
Remainder of title How Little Things Can Make A Big Difference
260 ## - PUBLICATION, DISTRIBUTION, ETC. (IMPRINT)
Date of publication, distribution, etc. 2009
Name of publisher, distributor, etc. Abacus
300 ## - PHYSICAL DESCRIPTION
Extent 279
365 ## - TRADE PRICE
Currency code Rs.
Price amount 250.00
700 ## - ADDED ENTRY--PERSONAL NAME
Personal name Gladwell M.
9 (RLIN) 118163
906 ## - LOCAL DATA ELEMENT F, LDF (RLIN)
d O:0095022-Jul-2010B:464613-Jul-2010
c IT
b 400

No items available.